书目信息 |
| 题名: |
园林植物遗传育种 第2版
|
|
| 作者: | 张明菊 主编 | |
| 分册: | ||
| 出版信息: | 农业出版 2008.01 |
|
| 页数: | 254页 | |
| 开本: | 28cm | |
| 丛书名: | ||
| 单 册: | ||
| 中图分类: | S680.32 | |
| 科图分类: | ||
| 主题词: | 观赏园艺 , 花卉 , 园林树木 | |
| 电子资源: | ||
| ISBN: | 7-109-11958-0 | |
| 000 | 00665nam0 2200253 45 | |
| 001 | 0933261949 | |
| 005 | 20091020091522.39 | |
| 010 | @a7-109-11958-0@dCNY24.60 | |
| 100 | @a20090515d2008 ekmy0 y0120 ea | |
| 102 | @aCN@b130000 | |
| 102 | @aCN@b110000 | |
| 105 | @ay z 000yy | |
| 200 | 1 | @a园林植物遗传育种 第2版@f张明菊主编@Fzhang ming ju zhu bian |
| 210 | @c农业出版@d2008.01 | |
| 210 | @a北京@c中国农业出版社 | |
| 215 | @a254页@d28cm | |
| 606 | 0 | @a观赏园艺 |
| 606 | 0 | @a花卉 |
| 606 | 0 | @a园林树木 |
| 690 | @aS680.32@v4 | |
| 701 | 0 | @a张明菊@Azhang ming ju@4主编 |
| 801 | 0 | @aCN@c20091020 |
| 905 | @a10447@dS680.32@eZ140=2 | |
| 906 | @d24@n3@r1 | |
| 园林植物遗传育种 第2版/张明菊主编.-农业出版,2008.01.-北京:中国农业出版社 |
| 254页;28cm |
| ISBN 7-109-11958-0:CNY24.60 |
| ● |
| 相关链接 |
|
|
|
正题名:园林植物遗传育种 第2版
索取号:S680.32/Z140=2
 
预约/预借
| 序号 | 登录号 | 条形码 | 馆藏地/架位号 | 状态 | 备注 |
| 1 | 891755 | 208917555 | 自科库401/401自科库 68排1列5层/ [索取号:S680.32/Z140=2] | 在馆 | |
| 2 | 891756 | 208917564 | 自科库401/401自科库 68排1列5层/ [索取号:S680.32/Z140=2] | 在馆 | |
| 3 | 891757 | 208917573 | 自科库401/401自科库 68排1列5层/ [索取号:S680.32/Z140=2] | 在馆 |